000 00369nam a2200145Ia 4500
008 220216s9999 xx 000 0 und d
100 _aTinley G H
245 0 _aPropagation of Hevea by budding young seedlings
260 _bPlanters Bulletin
_c1962
300 _a136-147
650 _aBudgrafting
650 _aBudwood
650 _aHevea brasiliensis
942 _cJS
999 _c65953
_d65953